La finalidad en la naturaleza: un debate con Nicolás Hartmann
Guardat en:
| Autor principal: | |
|---|---|
| Format: | Llibre |
| Idioma: | espanyol |
| Publicat: |
Salamanca
Universidad Pontificia de Salamanca
1986
|
| Col·lecció: | Bibliotheca Salmanticensis. Estudios, 81
|
| Matèries: | |
| Etiquetes: |
Afegir etiqueta
Sense etiquetes, Sigues el primer a etiquetar aquest registre!
|
MARC
| LEADER | 00000nam a2200000 a 4500 | ||
|---|---|---|---|
| 001 | UCX5098 | ||
| 003 | CL-VaPUC | ||
| 008 | 920910e19860000SP |||||||||||||||||spa|d | ||
| 082 | 0 | 4 | |a 110 |b CUD |2 21 |
| 100 | 0 | |a Cudeiro González, Vicente |e author |9 321424 | |
| 245 | 1 | 3 | |a La finalidad en la naturaleza: un debate con Nicolás Hartmann |
| 300 | |a 255 p | ||
| 942 | |c BK | ||
| 945 | |d 19920910 00:00:00 | ||
| 260 | |a Salamanca |b Universidad Pontificia de Salamanca |c 1986 | ||
| 600 | 0 | 7 | |a HARTMANN, NIKOLAI |2 CL-VaPUC |9 321425 |
| 650 | 0 | |a Filosofía de la naturaleza |9 265899 | |
| 583 | |a last modification |c 19920910 00:00:00 |k Rodrigo Vera | ||
| 490 | 0 | |a Bibliotheca Salmanticensis. Estudios, 81 | |
| 999 | |c 225440 |d 225438 | ||
| 952 | |0 0 |1 0 |4 0 |6 110_000000000000000_CUD_1986 |7 0 |8 A |9 222948 |a BIBEDU |b BIBEDU |d 2019-11-15 |i 2917556 |o 110 CUD 1986 |p 2917556 |r 2019-11-15 |w 2019-11-15 |y BK |k FIL | ||